CPH Direct Flights - Statistics

General Stats
  • This quiz has been taken 13 times
  • The average score is 158 of 190
Answers on the Map
Answers color-coded by a green-red scale on the quiz's map according to % correct below.
 
Answer Stats
Answer % Correct
Amsterdam
100%
Ankara
100%
Antalya
100%
Athens
100%
Atlanta
100%
Bangkok
100%
Barcelona-El Prat
100%
Bari
100%
Beijing
100%
Beirut
100%
Belgrade
100%
Berlin
100%
Boston
100%
Brussels
100%
Bucharest
100%
Budapest
100%
Cairo
100%
Chicago
100%
Delhi
100%
San Francisco
100%
Doha
100%
Dubai
100%
Dublin
100%
Düsseldorf
100%
Edinburgh
100%
Florence
100%
Frankfurt
100%
Gothenburg/Landvetter
100%
Hamburg
100%
Ho Chi Minh City
100%
Istanbul
100%
Kraków
100%
Leeds/Bradford
100%
Lisbon
100%
London Gatwick
100%
London Heathrow
100%
London Stansted
100%
Los Angeles
100%
Lyon
100%
Madrid
100%
Malta
100%
Manchester
100%
Marseille
100%
Miami
100%
Milan-Bergamo
100%
Milan Linate
100%
Milan Malpensa
100%
Minneapolis-St. Paul
100%
Montréal
100%
Mumbai
100%
Munich
100%
Naples
100%
Newark-New York
100%
Newcastle upon Tyne
100%
New York City
100%
Nice
100%
Nuuk
100%
Oslo
100%
Palermo
100%
Paris-Beauvais
100%
Paris CDG
100%
Paris-Orly
100%
Philadelphia
100%
Porto
100%
Prague
100%
Reykjavík-Keflavík
100%
Riga
100%
Rome-Fiumicino
100%
Salzburg
100%
Seattle-Tacoma
100%
Seoul-Incheon
100%
Seville
100%
Shanghai
100%
Singapore
100%
Sofia
100%
Stockholm
100%
Tallinn
100%
Tel Aviv-Yafo
100%
Tirana
100%
Tokyo
100%
Toronto
100%
Toulouse-Blagnac
100%
Turin
100%
Valencia
100%
Venice
100%
Vienna
100%
Warsaw Chopin
100%
Washington D.C.
100%
Zagreb
100%
Abu Dhabi
90%
Bergen
90%
Bilbao
90%
Birmingham
90%
Bologna
90%
Bordeaux-Mérignac
90%
Bristol
90%
Chișinău
90%
Dubai Al Maktoum
90%
Erbil
90%
Gazipaşa-Alanya
90%
Gdańsk
90%
Geneva
90%
Hanover
90%
Helsinki-Vantaa
90%
Innsbruck
90%
Izmir
90%
Ljubljana
90%
Luxembourg
90%
Marrakesh
90%
Montpellier
90%
Palma de Mallorca
90%
Pisa
90%
Pristina
90%
Sarajevo
90%
Stuttgart
90%
Thessaloniki
90%
Varna
90%
Warsaw-Modlin
90%
Zürich
90%
Aberdeen
80%
Alicante-Elche
80%
Cagliari
80%
Chania
80%
Dubrovnik
80%
EuroAirport
80%
Faro
80%
Genoa
80%
Heraklion
80%
Ibiza
80%
Istanbul SAW
80%
Santorini
80%
Split
80%
Tenerife
80%
Tromsø
80%
Trondheim
80%
Vilnius
80%
Aalborg
70%
Aarhus
70%
Agadir
70%
Bastia
70%
Billund
70%
Burgas
70%
Catania
70%
Cluj-Napoca
70%
Corfu
70%
Eindhoven
70%
Faroe Islands
70%
Funchal
70%
Iași
70%
Larnaca
70%
Málaga
70%
Turku
70%
Wrocław
70%
Zadar
70%
Biarritz
60%
Hurghada
60%
Kalamata
60%
Kaunas
60%
Kayseri
60%
Las Palmas
60%
Nantes
60%
Olbia
60%
Rhodes
60%
Stavanger
60%
Tangier
60%
Zakynthos
60%
Ålesund
50%
Bolzano
50%
Dalaman
50%
Fuerteventura
50%
Kittilä
50%
Östersund
50%
Palanga
50%
Poznań
50%
Pula
50%
Rovaniemi
50%
Tivat
50%
Bodø
40%
Konya
40%
Preveza/Lefkada
40%
Sandefjord
40%
Kangerlussuaq
30%
Kiruna
30%
Kristiansand
30%
Visby
30%
Bornholm
20%
Harstad-Narvik
20%
Sälen/Trysil
20%
Karup
0%
Sønderborg
0%
No matching quizzes found
Score Distribution
Percent of People with Each Score
Percentile by Number Answered
Your Score History
You have not taken this quiz